MARC details
| 000 -LÍDER |
| campo de controle de tamanho fixo |
01279 a2200421 4500 |
| 001 - NÚMERO DE CONTROLE |
| campo de controle |
115336 |
| 020 ## - ISBN - INTERNATIONAL STANDARD BOOK NUMBER |
| ISBN - International Standard Book Number |
9789862161197 (pbk.) |
| 041 ## - CÓDIGO DE IDIOMA |
| Código do idioma do texto/trilha sonora ou título diferente |
por |
| 090 ## - NÚMERO DE CHAMADA LOCAL |
| Número de chamada (OCLC) (R); Número de chamada, CALL (RLIN) (NR) |
Year 3 [Fic] |
| 040 ## - FONTE DA CATALOGAÇÃO |
| Instituição da catalogação original |
BR-BrIDEA |
| Instituição que transcreveu o registro |
BR-BrIDEA |
| 100 ## - ENTRADA PRINCIPAL--NOME PESSOAL |
| Nome pessoal |
Osborne, Mary Pope. |
| 250 ## - EDIÇÃO |
| Edição |
Complex Chinese ed. |
| 245 10 - TÍTULO |
| Título |
Blizzard of the blue moon |
| Indicação de responsabilidade, etc. |
Mary Pope Osborne |
| 260 ## - PUBLICAÇÃO, DISTRIBUIÇÃO, ETC. |
| Local de publicação, distribuição, etc. |
[S.l.] |
| Nome do editor, distribuidor, etc. |
Global Kids Books |
| Data da publicação, distribuição, etc. |
2008 |
| 300 ## - DESCRIÇÃO FÍSICA |
| Extensão |
97, 141 p. |
| 490 ## - TÍTULO DA SÉRIE |
| Título da série |
Magic tree house |
| 697 ## - ENTRADA DE ASSUNTO LOCAL--ENTIDADE COLETIVA (RLIN) |
| Nome corporativo ou nome da jurisdição |
Brothers and sisters - Fiction. |
| 697 ## - ENTRADA DE ASSUNTO LOCAL--ENTIDADE COLETIVA (RLIN) |
| Nome corporativo ou nome da jurisdição |
Depressions - 1929 - Fiction. |
| 697 ## - ENTRADA DE ASSUNTO LOCAL--ENTIDADE COLETIVA (RLIN) |
| Nome corporativo ou nome da jurisdição |
Great Depression, 1929-1939 - Fiction. |
| 697 ## - ENTRADA DE ASSUNTO LOCAL--ENTIDADE COLETIVA (RLIN) |
| Nome corporativo ou nome da jurisdição |
Magic |
| 697 ## - ENTRADA DE ASSUNTO LOCAL--ENTIDADE COLETIVA (RLIN) |
| Nome corporativo ou nome da jurisdição |
Magic - Fiction. |
| 697 ## - ENTRADA DE ASSUNTO LOCAL--ENTIDADE COLETIVA (RLIN) |
| Nome corporativo ou nome da jurisdição |
New York (N.Y.) - History - 1898-1951 |
| 697 ## - ENTRADA DE ASSUNTO LOCAL--ENTIDADE COLETIVA (RLIN) |
| Nome corporativo ou nome da jurisdição |
New York (N.Y.) - History - 1898-1951 - Fiction. |
| 697 ## - ENTRADA DE ASSUNTO LOCAL--ENTIDADE COLETIVA (RLIN) |
| Nome corporativo ou nome da jurisdição |
Siblings - Fiction. |
| 697 ## - ENTRADA DE ASSUNTO LOCAL--ENTIDADE COLETIVA (RLIN) |
| Nome corporativo ou nome da jurisdição |
Unicorns |
| 697 ## - ENTRADA DE ASSUNTO LOCAL--ENTIDADE COLETIVA (RLIN) |
| Nome corporativo ou nome da jurisdição |
Chinese language materials - Bilingual. |
| 697 ## - ENTRADA DE ASSUNTO LOCAL--ENTIDADE COLETIVA (RLIN) |
| Nome corporativo ou nome da jurisdição |
New York (N.Y.) - History - Fiction. |
| 697 ## - ENTRADA DE ASSUNTO LOCAL--ENTIDADE COLETIVA (RLIN) |
| Nome corporativo ou nome da jurisdição |
Unicorns - Fiction. |
| 697 ## - ENTRADA DE ASSUNTO LOCAL--ENTIDADE COLETIVA (RLIN) |
| Nome corporativo ou nome da jurisdição |
Time travel |
| 697 ## - ENTRADA DE ASSUNTO LOCAL--ENTIDADE COLETIVA (RLIN) |
| Nome corporativo ou nome da jurisdição |
Tree houses - Fiction. |
| 697 ## - ENTRADA DE ASSUNTO LOCAL--ENTIDADE COLETIVA (RLIN) |
| Nome corporativo ou nome da jurisdição |
Bilingual books - Chinese-English. |
| 697 ## - ENTRADA DE ASSUNTO LOCAL--ENTIDADE COLETIVA (RLIN) |
| Nome corporativo ou nome da jurisdição |
Brothers and sisters |
| 697 ## - ENTRADA DE ASSUNTO LOCAL--ENTIDADE COLETIVA (RLIN) |
| Nome corporativo ou nome da jurisdição |
Depressions - 1929 |
| 697 ## - ENTRADA DE ASSUNTO LOCAL--ENTIDADE COLETIVA (RLIN) |
| Nome corporativo ou nome da jurisdição |
Time travel - Fiction. |
| 697 ## - ENTRADA DE ASSUNTO LOCAL--ENTIDADE COLETIVA (RLIN) |
| Nome corporativo ou nome da jurisdição |
Tree houses |
| 830 ## - ENTRADA SECUNDÁRIA DE SÉRIE--TÍTULO UNIFORME |
| Título uniforme |
Magic tree house |
| 942 ## - ELEMENTOS DE ENTRADA ADICIONADOS (KOHA) |
| Tipo de material Koha |
Livros |